additional new species of frogs (<genus Eleutherodactylus>) from cloud forests of eastern departamento de Caldas, Colombia (Registro nro. 14183)

Detalles MARC
000 -CABECERA
Campo de control 004800000a22001210004500
090 ## - CLASIFICACIÓN LOCAL
Colección AS
Consecutivo Seriadas
041 0# - IDIOMA
Código de idioma para texto/pista de sonido o título separado
100 1# - ASIENTO PRINCIPAL--NOMBRE PERSONAL
Nombre personal Lynch, John D.
245 10 - MENCION DE TITULO
Título additional new species of frogs (<genus Eleutherodactylus>) from cloud forests of eastern departamento de Caldas, Colombia
700 1# - ASIENTO SECUNDARIO - NOMBRE PERSONAL
Nombre personal Rueda Almonacid, José Vicente
773 1# - Item fuente:
Título Revista de la Academia Colombiana de Ciencias Exactas, Fisicas y Naturales
Especificación de materiales 32
Descripción física 83
Paginas del Articulo 287-298
Lugar, editorial y fecha de publicación 1998
Información sobre la relación 22
942 ## - ELEMENTOS ADICIONALES (KOHA)
Tipo de ítem Artículo

No hay ítems disponibles.